Statistiken für Hauptstädte der Länder, die mit S beginnen

Klicken Sie hier um das Quiz zu spielen!

Allgemein

  • Dieses Quiz wurde 368 mal gespielt
  • Das Durchschnittsergebnis liegt bei 21 aus 30

Antwortstatistiken

S LandHauptstadt% Korrekt
SchweizBern
99%
SpanienMadrid
98%
SchwedenStockholm
98%
SingapurSingapur
94%
SerbienBelgrad
93%
San MarinoSan Marino
93%
SlowakeiBratislava
91%
Saudi-ArabienRiad
91%
SlowenienLjubljana
89%
SyrienDamaskus
88%
Pretoria
83%
Kapstadt
81%
SénégalDakar
77%
São Tomé und
Príncipe
Sao Tome
76%
SomaliaMogadischu
73%
SimbabweHarare
66%
Sierra LeoneFreetown
65%
SudanKhartum
64%
SeychellenVictoria
64%
SüdsudanJuba
59%
SambiaLusaka
56%
SurinameParamaribo
54%
St. LuciaCastries
49%
SamoaApia
48%
SwasilandMbabane
47%
St. Kitts und NevisBasseterre
43%
SüdafrikaBloemfontein
41%
St. Vincent und
die Grenadinen
Kingstown
40%
Sri LankaSri Jayawardenepura Kotte
36%
SalomonenHoniara
35%

Verteilung der Resultate

Perzentil nach korrekt beantworteten Fragen

Anzahl Personen mit jedem Resultat

Ihre Resultats-Entwicklung

Sie haben dieses Quiz noch nicht gespielt